Analisis de necesidades y requerimientos para la gestion de requerimientos en el IMTA / Laura Ocampo Herrera (Registro nro. 18498)
[ vista simple ]
| 000 -LÍDER | |
|---|---|
| fixed length control field | 00527nam a2200133 4500 |
| 008 - ELEMENTOS DE LONGITUD FIJA -- INFORMACIÓN GENERAL | |
| fixed length control field | 0 2005 0a 000 0MEX |
| 050 ## - SIGNATURA TOPOGRAFICA DE LA BIBLIOTECA DEL CONGRESO (LC) | |
| Número de Clasificación | QA76.2I54 T4 O2 2005 |
| 082 ## - NUMERO DE CLASIFICACION DECIMAL DEWEY | |
| Número de Clasificación | 001.6 O2a |
| 100 ## - ASIENTO PRINCIPAL--NOMBRE PERSONAL | |
| Nombre personal | Ocampo Herrera, Laura |
| 245 ## - TÍTULO | |
| Título | Analisis de necesidades y requerimientos para la gestion de requerimientos en el IMTA / Laura Ocampo Herrera |
| 300 ## - DESCRIPCIÓN FÍSICA | |
| Extensión | 165 p. / 28 cm. |
| 502 ## - NOTA DE TESIS | |
| Nota de tesis | Tesis. Opción I. I.T.Z. ( Sist. Computacionales) M.T.I. Madaí Ménez Esquivel |
| 650 ## - ASIENTO SECUNDARIO DE MATERIA - TERMINO TEMÁTICO | |
| Término temático o nombre geográfico como elemento de entrada | 1. BASE DE DATOS \ 2. RED DE AREA LOCAL |
| No. biblioteca | No. biblioteca | Número de clasificación | Código de barras/Número de adquisición | Número de copia | Tipo de material |
|---|---|---|---|---|---|
| TESIS SISTEMAS COMPUTACIONALES | TESIS SISTEMAS COMPUTACIONALES | 001.6 O2a | SC162-2005 | 1 | Tesis |
